书目信息 |
| 题名: |
供电企业岗位技能培训试题库
|
|
| 作者: | 马振良 编 | |
| 分册: | 变电检修工 | |
| 出版信息: | 北京 中国电力出版社 2007.07 |
|
| 页数: | 384页 | |
| 开本: | 21cm | |
| 丛书名: | ||
| 单 册: | ||
| 中图分类: | TM63-44 | |
| 科图分类: | ||
| 主题词: | 供电--gong dian--工业企业--技术教育--中国--试题 , 变电所--bian dian suo--检修--技术教育--试题 | |
| 电子资源: | ||
| ISBN: | 978-7-5083-4042-5 | |
| 000 | 01047nam0 2200253 450 | |
| 001 | 012007337218 | |
| 005 | 20071228165808.53 | |
| 010 | @a978-7-5083-4042-5@dCNY25.00 | |
| 100 | @a20071228d2007 km y0chiy0120 ea | |
| 101 | 0 | @achi |
| 102 | @aCN@b110000 | |
| 105 | @aa z 000yy | |
| 106 | @ar | |
| 200 | 1 | @a供电企业岗位技能培训试题库@Agong dian qi ye gang wei ji neng pei xun shi ti ku@i变电检修工@f马振良编@Fma zhen liang bian |
| 210 | @a北京@c中国电力出版社@d2007.07 | |
| 215 | @a384页@c图@d21cm | |
| 330 | @a本书以《中华人民共和国职业技能鉴定规范电力行业·变电检修工》为依据,分单项选择题、多项选择题、判断题、问答题、识图题和计算题。书中按基础知识、电气设备、维护与检修和技能操作,基本覆盖了变电检修工作中可能遇到的各类问题。 | |
| 517 | 1 | @a变电检修工@Abian dian jian xiu gong |
| 606 | 0 | @a供电@Agong dian@x工业企业@x技术教育@y中国@j试题 |
| 606 | 0 | @a变电所@Abian dian suo@x检修@x技术教育@j试题 |
| 690 | @aTM63-44@v4 | |
| 701 | 0 | @a马振良@Ama zhen liang@4编 |
| 801 | 0 | @aCN@bQSSK@c20071228 |
| 905 | @b272960-62@dTM63-44@eM244@f3 | |
| 供电企业岗位技能培训试题库.变电检修工/马振良编.-北京:中国电力出版社,2007.07 |
| 384页:图;21cm |
| ISBN 978-7-5083-4042-5:CNY25.00 |
| 本书以《中华人民共和国职业技能鉴定规范电力行业·变电检修工》为依据,分单项选择题、多项选择题、判断题、问答题、识图题和计算题。书中按基础知识、电气设备、维护与检修和技能操作,基本覆盖了变电检修工作中可能遇到的各类问题。 |
| ● |
| 相关链接 |
|
|
|
正题名:供电企业岗位技能培训试题库
索取号:TM63-44/M244
 
预约/预借
| 序号 | 登录号 | 条形码 | 馆藏地/架位号 | 状态 | 备注 |
| 1 | 272960 | 202729609 | 自科库301/301自科库 16排1列4层/ [索取号:TM63-44/M244] | 在馆 | |
| 2 | 272961 | 202729618 | 期刊室512/301自科库 11排2列5层/ [索取号:TM63-44/M244] | 在馆 | |
| 3 | 272962 | 202729627 | 自科库301/301自科库 16排1列4层/ [索取号:TM63-44/M244] | 在馆 |